[Event "EU-chT Seniors 10th"]
[Site "Dresden"]
[Date "2008.02.17"]
[Round "7.4"]
[White "Kaiser, Horst"]
[Black "Kania, Andrzej"]
[Result "0-1"]
[WhiteElo "1690"]
[BlackElo "2059"]
[PlyCount "62"]
[EventDate "2008.02.11"]
[EventType "team-swiss"]
[EventRounds "9"]
[EventCountry "GER"]
[SourceTitle "CBM 122 Extra"]
[Source "ChessBase"]
[SourceDate "2008.03.04"]
[SourceVersion "1"]
[SourceVersionDate "2008.03.04"]
[SourceQuality "1"]
[WhiteTeam "Berlin BSW"]
[BlackTeam "Mazowsze"]
[WhiteTeamCountry "GER"]
[BlackTeamCountry "POL"]

1. c4 e5 2. Nc3 Nf6 3. d3 d5 4. cxd5 Nxd5 5. Bd2 Nc6 6. Nf3 Be7 7. g3 0-0 8. Bg2 Be6 9. 0-0 h6 10. Nxd5 Bxd5 11. Bc3 Bf6 12. e4 Be6 13. Qc2 Qd7 14. Rfd1 Rad8 15. b4 a6 16. Qb2 Qd6 17. h3 Rfe8 18. a4 b5 19. axb5 axb5 20. Ra3 Ra8 21. Bf1 Nd4 22. Bxd4 exd4 23. Rda1 Rxa3 24. Rxa3 Be7 25. Qxd4 Qxb4 26. Qxb4 Bxb4 27. Ra7 Rc8 28. d4 Bc4 29. Bxc4 bxc4 30. Rb7 Ba5 31. Rb5 Bb6 0-1

[Event "EU-chT Seniors 10th"]
[Site "Dresden"]
[Date "2008.02.15"]
[Round "5.4"]
[White "Seuss, Oswald"]
[Black "Kania, Andrzej"]
[Result "1-0"]
[WhiteElo "2170"]
[BlackElo "2059"]
[PlyCount "87"]
[EventDate "2008.02.11"]
[EventType "team-swiss"]
[EventRounds "9"]
[EventCountry "GER"]
[SourceTitle "CBM 122 Extra"]
[Source "ChessBase"]
[SourceDate "2008.03.04"]
[SourceVersion "1"]
[SourceVersionDate "2008.03.04"]
[SourceQuality "1"]
[WhiteTeam "Wien"]
[BlackTeam "Mazowsze"]
[WhiteTeamCountry "AUT"]
[BlackTeamCountry "POL"]

1. e4 c5 2. Nf3 Nc6 3. d4 cxd4 4. Nxd4 d6 5. Nc3 Nf6 6. Bg5 a6 7. Qd2 e6 8. 0-0-0 Be7 9. Nb3 h6 10. Bxf6 Bxf6 11. Qxd6 Bg5+ 12. Kb1 Qxd6 13. Rxd6 0-0 14. g3 Be7 15. Rd1 b5 16. Bg2 Ne5 17. h3 Bb4 18. Ne2 Ra7 19. f4 Nc4 20. Rd3 Rc7 21. c3 Be7 22. Rhd1 Bb7 23. Bf3 b4 24. e5 a5 25. Bxb7 Rxb7 26. Rd7 Rfb8 27. Rxb7 Rxb7 28. Rd4 Rc7 29. Nd2 Ne3 30. Re4 Rd7 31. Kc1 bxc3 32. Nxc3 Bc5 33. Nb3 Bb6 34. Nxa5 Nf1 35. Nc4 Ba7 36. g4 Rd3 37. Re1 Rf3 38. Ne2 Kf8 39. b4 Ng3 40. b5 Bf2 41. b6 Bxe1 42. b7 Nxe2+ 43. Kb1 Nc3+ 44. Kc2 1-0

[Event "EU-chT Seniors 10th"]
[Site "Dresden"]
[Date "2008.02.12"]
[Round "2.4"]
[White "Kania, Andrzej"]
[Black "Lieb, Harald"]
[Result "1-0"]
[WhiteElo "2059"]
[BlackElo "2255"]
[PlyCount "89"]
[EventDate "2008.02.11"]
[EventType "team-swiss"]
[EventRounds "9"]
[EventCountry "GER"]
[SourceTitle "CBM 122 Extra"]
[Source "ChessBase"]
[SourceDate "2008.03.04"]
[SourceVersion "1"]
[SourceVersionDate "2008.03.04"]
[SourceQuality "1"]
[WhiteTeam "Mazowsze"]
[BlackTeam "Berlin"]
[WhiteTeamCountry "POL"]
[BlackTeamCountry "GER"]

1. e4 e6 2. d4 d5 3. exd5 exd5 4. c4 Nf6 5. Nf3 Be7 6. Nc3 0-0 7. Bd3 Bg4 8. 0-0 Nc6 9. Be3 Nb4 10. Be2 dxc4 11. Bxc4 Nbd5 12. Bg5 Nb6 13. Be2 h6 14. Bh4 Re8 15. h3 Bf5 16. Bd3 Be6 17. Re1 Nfd5 18. Bxe7 Rxe7 19. Be4 c6 20. Ne5 Re8 21. Nd3 Qg5 22. Qc1 Qf6 23. Ne5 Rad8 24. Bf3 Nf4 25. Ne4 Qh4 26. Bg4 Nfd5 27. Nf3 Qe7 28. Nc5 Qf6 29. Bxe6 fxe6 30. Nxb7 Rb8 31. Nd6 Rf8 32. Ne4 Qg6 33. Ng3 Rxf3 34. gxf3 Rf8 35. Qxc6 Rf6 36. Re5 h5 37. h4 Nf4 38. Kh2 Nbd5 39. Rg1 Qd3 40. Nxh5 Nxh5 41. Qe8+ Rf8 42. Qxe6+ Rf7 43. Rxd5 Qxf3 44. Rd8+ Kh7 45. Qg6# 1-0